| Поле | Инд. | ПП | Название | Значение |
|---|---|---|---|---|
| Тип записи | a | |||
| Библиографический уровень | m | |||
| 001 | Контрольный номер | c76d7142-e530-4ba4-92ee-e5ac900cc09c | ||
| 005 | Дата корректировки | 20140226125031.9 | ||
| 008 | Кодируемые данные | 960430 d | ||
| 020 | a | ISBN | 5-02-004543-8 | |
| c | Цена, тираж | 2000.00 | ||
| 040 | a | Служба первич. каталог. | НБ ТвГУ | |
| 041 | a | Код языка текста | rus | |
| 080 | a | Индекс УДК | 598.2(47+57) | |
| 084 | a | Индекс другой классификации/Индекс ББК | Е693.35-88 | |
| 090 | x | Авторский знак | К92 | |
| a | Полочн. индекс | Е693.3 | ||
| 245 | 10 | a | Заглавие | Кольцевание и мечение птиц в России и сопредельных государствах, 1986-1987 гг. |
| b | Продолж. заглавия | [Сб. ст.] | ||
| c | Ответственность | Рос. АН. Ин-т эволюц. морфологии и экологии животных им. А.Н. Северцова; [Редкол.:В.Е. Соколов (отв. ред.) и др.] | ||
| 260 | 0_ | a | Место издания | Москва |
| b | Издательство | Наука | ||
| c | Дата издания | 1994 | ||
| 300 | a | Объем | 223,[1] с. | |
| b | Иллюстрации/ тип воспроизводства | ил | ||
| 500 | a | Примечание | Рез. ст.: англ | |
| 504 | a | Библиография | Библиогр. в конце ст | |
| 650 | a | Основная рубрика | Птицы | |
| x | Основная подрубрика | Кольцевание | ||
| y | Хронологическая подрубрика | 1986-1987 гг. | ||
| z | Географическая подрубрика | Российская Федерация | ||
| 650 | a | Основная рубрика | Зоология | |
| 653 | a | Ключевые слова | Кольцевание птиц | |
| a | Ключевые слова | Мечение птиц | ||
| a | Ключевые слова | Охрана птиц | ||
| a | Ключевые слова | Птицы России | ||
| a | Ключевые слова | Орнитология | ||
| 700 | 1_ | a | Другие авторы | Соколов В. Е. |
| e | Роль лиц | отв. ред. | ||
| 852 | t | Порядковый номер экземпляра | 1 | |
| p | Инвентарный номер | 655067 | ||
| 954 | a | Дата поступления на обработку | 15.01.96 | |
| 999 | a | Подразделение 2 | Фил3 |